004690000a220010900045001000025000002450153000253000052001787730014002309420008002449520090002529990017003421 aReboiras, Ramón F.10aLos satánicos : Los Rolling Stones lanzaron su último disco, que lleva por título voodoo lounge, y afirmaron que el diablo se lleva por dentro aVol. 49, Num. 49 (Julio, 1994), Páginas 50-530 tCambio 16 cANA 001040708HEMaFUSBCbFUSBCd2016-01-26l0o r2016-01-26 00:00:00w2016-01-26yANA c58567d58567